1510 1297 1810 1998 1166 1077 1838 1417 1403 1474 1022 1631 1631 1479 1310 1570 1785 1873 1623 1619 1197 1710 1968 1847 1124 1049 1478 1925 1622 1464 1373 1753 1902 1751 1497 1315 1066 1729 1152 1405 1896 1423 1134 1482 1750 1689 1982 1280 1068 1408 1401 1259 1748 1503 1564 1177 1362 1834 1948 1253 1262 1821 1384 1126 1132 1017 1258 1001 1265 1907 1412 1288 1684 1270 1437 1328 1465 1944 1250 1302 1605 1917 1597 1870 1423 1690 1861 1609 1099 1175 1402 1236 1653 1718 1249 1286 1341 1717 1120 BCNSPRNW ULIB Ver.6.0+V

เปลี่ยนเป็นภาษาไทย

Change to English
 แสดงรายละเอียดบรรณานุกรม
  กลับหน้าหลัก

Brief Record : Get Marc (ISO 2709) : E-mail record : QR code < ปิดหน้าต่าง
LEADER : 00000nam 2200000uu 4500
001    13399110369
003     ULIB
008    110429s2550||||th 000 0 tha d
020    9789748380674(ล.35)
060 04 WO5^bป364ศ ล.35 2550
245 00 ศัลยศาสตร์วิวัฒน์ 35 :^bControversies and current concepts in surgery /^cบรรณาธิการ, ประยุทธ ศิริวงษ์, เพชร เกษตรสุวรรณ, ชาญชัย นิมิตรวานิช
246 30 Controversies in current concepts in surgery
250    พิมพ์ครั้งที่ 1
260    กรุงเทพฯ :^bโฆสิตการพิมพ์,^c[2550]
300    436 หน้า :^bภาพประกอบ ;^c22 ซม.
650  7 ศัลยศาสตร์
653    ผลงานอาจารย์คณะแพทยศาสตร์ศิริราชพยาบาล
700 0  ประยุทธ ศิริวงษ์,^eบรรณาธิการ
700 0  เพชร เกษตรสุวรรณ,^eบรรณาธิการ
700 0  ชาญชัย นิมิตรวานิช,^eบรรณาธิการ
995    ทศพร
999 ^a ใช้งานได้ทุกระบบ
รายการนี้ยังไม่มีแท็ก
คุณยังไม่ได้ล็อกอิน คุณสามารถมีกิจกรรมร่วมกับเว็บไซต์ได้ แต่ต้องล็อกอินก่อน ::
  ล็อกอิน

รายการสื่อสารสนเทศ

ลำดับที่ ประเภท เลขเรียก/บาร์โค้ด สถานที่ สถานะ
- ไม่พบข้อมูล -

รายการใกล้เคียง
    หัวเรื่อง [ศัลยศาสตร์]

BibComment


ยังไม่เคยถูกคอมเมนท์

คอมเมนท์ทรัพยากรรายการนี้
  คอมเมนท์: ศัลยศาสตร์วิวัฒน์..


 Copyright 2026. Bcnsprnw @Library